|
|
|
|
| LEADER |
00000cam a2200000 7i4500 |
| 001 |
0000009172 |
| 005 |
20240913.0 |
| 008 |
231207 my may |
| 020 |
|
|
|a 9836208313 (pbk)
|
| 040 |
|
|
|a INS
|b eng
|e rda
|
| 090 |
0 |
0 |
|a RPL5083.1
|b .A33 1989
|
| 100 |
0 |
|
|a Abdullah Hussain ,
|e author
|
| 245 |
0 |
0 |
|a Kamus istimewa peribahasa Melayu
|c disusun oleh Abdullah Hussain
|
| 250 |
|
|
|a Edisi Kedua
|
| 264 |
|
1 |
|a Kuala Lumpur :
|b Dewan Bahasa dan Pustaka
|c 1991
|
| 300 |
|
|
|a xiii, 275 pages ;
|c 23 cm.
|
| 336 |
|
|
|a text
|2 rdacontent
|
| 337 |
|
|
|a unmediated
|2 rdamedia
|
| 338 |
|
|
|a volume
|2 rdacarrier
|
| 650 |
|
0 |
|a Malay languange
|x Dictionaries
|
| 650 |
|
0 |
|a Malay languange
|x Idioms
|
| 650 |
|
0 |
|a Proverbs, Malay
|x Dictionaries
|
| 999 |
|
|
|a 0000004804
|b BOOK
|c Red Spot
|e Default branch
|
| 999 |
|
|
|a 0000006888
|b BOOK
|c Red Spot
|e Default branch
|
| 999 |
|
|
|a 0000022446
|b BOOK
|c Red Spot
|e Default branch
|